[Event "Foxwoods Open"]
[Site "Ledyards USA"]
[Date "2006.04.14"]
[Round "4"]
[White "Shabalov,A"]
[Black "Smirin,I"]
[Result "0-1"]
[WhiteElo "2605"]
[BlackElo "2662"]

1.e4 e5 2.Nf3 Nc6 3.Bb5 a6 4.Ba4 Nf6 5.O-O Be7 6.Re1 b5 7.Bb3 d6 8.c3 O-O
9.d4 Bg4 10.Be3 exd4 11.cxd4 Na5 12.Bc2 c5 13.dxc5 dxc5 14.Nbd2 Nc6 15.Qe2 Qc7
16.Rac1 Nd7 17.Bb1 c4 18.h3 Bh5 19.g4 Bg6 20.Nf1 Nc5 21.Ng3 Rad8 22.b3 Nd3
23.Bxd3 cxd3 24.Qb2 Qb7 25.a3 Rfe8 26.Bd2 b4 27.a4 Bf6 28.e5 Be7 29.Re3 Na5
30.h4 h6 31.h5 Bh7 32.g5 hxg5 33.h6 Qd5 34.Nh5 Qxb3 35.Qa1 Qe6 36.Nxg7 Qg4+
37.Kf1 Nb3 38.Qb2 Nxc1 39.Nxe8 Ne2 40.Bxb4 Qh3+  0-1

[Event "34th World Open"]
[Site "Philadelphia USA"]
[Date "2006.07.01"]
[Round "4"]
[White "Stocek,J"]
[Black "Smirin,I"]
[Result "1-0"]
[WhiteElo "2565"]
[BlackElo "2662"]

1.d4 Nf6 2.c4 g6 3.Nc3 Bg7 4.e4 d6 5.h3 Nbd7 6.Bd3 c5 7.d5 Ne5 8.Nf3 Nxd3+
9.Qxd3 O-O 10.O-O Nh5 11.Re1 a6 12.a4 e5 13.dxe6 Bxe6 14.a5 Re8 15.Bd2 h6
16.Nd5 Bxd5 17.cxd5 Bxb2 18.Rab1 Bg7 19.Rxb7 Qc8 20.Qb1 c4 21.Rc1 Nf6 22.Bc3 Nxe4
23.Bxg7 Kxg7 24.Nd4 Kg8 25.Nc6 Qf5 26.Qc2 Qf4 27.Re7 Kf8 28.Re1 Ng5 29.Qc3  1-0

[Event "World Blitz"]
[Site "Rishon Le Zion ISR"]
[Date "2006.09.07"]
[Round "5"]
[White "Erenburg,S"]
[Black "Smirin,I"]
[Result "1/2-1/2"]
[WhiteElo "2585"]
[BlackElo "2659"]

1.e4 c5 2.c3 d6 3.d4 Nf6 4.Bd3 cxd4 5.cxd4 g6 6.Nc3 Bg7 7.Nf3 O-O 8.O-O Nc6
9.h3 Bd7 10.Be3 a6 11.Rc1 Rc8 12.Qd2 e5 13.dxe5 Nxe5 14.Nxe5 dxe5 15.Be2 Be6
16.Qxd8 Rfxd8 17.Rfd1 b5 18.a3 Bb3 19.Rxd8+ Rxd8 20.f3 Nh5 21.Bd1 Bc4 22.Be2 Bb3
23.Bd1 Bc4  1/2-1/2

[Event "World Blitz"]
[Site "Rishon Le Zion ISR"]
[Date "2006.09.07"]
[Round "6"]
[White "Smirin,I"]
[Black "Roiz,M"]
[Result "1/2-1/2"]
[WhiteElo "2659"]
[BlackElo "2611"]

1.c4 e6 2.Nc3 d5 3.d4 Be7 4.cxd5 exd5 5.Bf4 c6 6.Qc2 Bd6 7.Bg3 Ne7 8.e3 Bf5
9.Qb3 Nc8 10.Nf3 O-O 11.Be2 Qb6 12.Nd2 Nd7 13.O-O Bxg3 14.hxg3 Re8 15.Qa3 a5
16.b3 Qc7 17.Rac1 Qd6 18.Qb2 Qe7 19.Bf3 Nd6 20.Rfe1 Nf6 21.Na4 h5 22.Nc5 g6
23.Be2 Nfe4 24.Ncxe4 Nxe4 25.Nxe4 Bxe4 26.Rc5 Qg5 27.Qd2 Qd8  1/2-1/2

[Event "World Blitz"]
[Site "Rishon Le Zion ISR"]
[Date "2006.09.07"]
[Round "7"]
[White "Zoler,D"]
[Black "Smirin,I"]
[Result "0-1"]
[WhiteElo "2455"]
[BlackElo "2659"]

1.d4 Nf6 2.c4 g6 3.g3 Bg7 4.Bg2 d5 5.cxd5 Nxd5 6.Nf3 O-O 7.O-O Nb6 8.Nc3 Nc6
9.e3 Re8 10.d5 Na5 11.Nd4 Bd7 12.e4 c6 13.Bf4 cxd5 14.exd5 Rc8 15.Re1 h6
16.h4 h5 17.Rc1 Nbc4 18.b3 Qb6 19.Nf3 Qb4 20.Ne4 Nb2 21.Qd2 Qxd2 22.Bxd2 b6
23.Bf1 Bf5 24.Neg5 Bf6 25.Ba6 Rcd8 26.b4 Bd3 27.Bxd3 Nxd3 28.bxa5 Nxe1 29.Bxe1 Rxd5
30.axb6 axb6 31.Ne4 Bg7 32.Rb1 b5 33.Nc3 Rd3 34.Rxb5 Bxc3 35.Bxc3 Rxc3 36.Kg2 Ra3
37.Rb2 Rea8 38.Re2 e6 39.Ng5 Rxa2 40.Re3 Rb2 41.Rf3 Ra7 42.Ne4 Kg7 43.Nf6 Rb8
44.Ne4 Rd8 45.Ng5 Rd5 46.Rf4 Rf5 47.Rc4 Ra2 48.Ne4 Rb5 49.Ng5 Rf5 50.Ne4 Ra7
51.Nd6 Rd5 52.Ne8+ Kf8 53.Nf6 Rd8 54.Rf4 Kg7 55.Ne4 Rd4 56.Kf3 e5 57.Ke3 Ra3+  0-1

[Event "World Blitz"]
[Site "Rishon Le Zion ISR"]
[Date "2006.09.07"]
[Round "8"]
[White "Smirin,I"]
[Black "Bacrot,E"]
[Result "1/2-1/2"]
[WhiteElo "2659"]
[BlackElo "2707"]

1.e4 e5 2.Nf3 Nc6 3.Bb5 Nf6 4.d3 Bc5 5.O-O d6 6.c3 O-O 7.h3 Bd7 8.Nbd2 Bb6
9.Nc4 Ne7 10.Bxd7 Qxd7 11.Bg5 Ne8 12.a4 f6 13.Bd2 d5 14.exd5 Qxd5 15.Qe2 Nc6
16.b4 a5 17.b5 Nd8 18.Be3 Bxe3 19.fxe3 Nd6 20.Nxd6 Qxd6 21.d4  1/2-1/2

[Event "World Blitz"]
[Site "Rishon Le Zion ISR"]
[Date "2006.09.07"]
[Round "10"]
[White "Smirin,I"]
[Black "Grischuk,A"]
[Result "1/2-1/2"]
[WhiteElo "2659"]
[BlackElo "2709"]

1.e4 c6 2.d4 d5 3.exd5 cxd5 4.c4 Nf6 5.Nc3 g6 6.cxd5 Nxd5 7.Bc4 Nb6 8.Bb3 Bg7
9.Nf3 O-O 10.O-O Bg4 11.h3 Bxf3 12.Qxf3 Nc6 13.Be3 Qd7 14.Rad1 Nxd4 15.Bxd4 Bxd4
16.Ne2 e5 17.Nxd4 exd4 18.Rd3 Rad8 19.Rfd1 Qe7 20.Rxd4 Rxd4 21.Rxd4 Qe1+
22.Kh2 Qe5+ 23.Qf4 Qxf4+ 24.Rxf4 Kg7 25.Rd4 Re8 26.a4 Re7 27.a5 Nd7 28.Bd5 b6
29.axb6 Nxb6 30.Bf3  1/2-1/2

[Event "World Blitz"]
[Site "Rishon Le Zion ISR"]
[Date "2006.09.07"]
[Round "12"]
[White "Gagunashvili,M"]
[Black "Smirin,I"]
[Result "1/2-1/2"]
[WhiteElo "2591"]
[BlackElo "2659"]

1.d4 Nf6 2.g3 d5 3.Bg2 c5 4.Nf3 cxd4 5.O-O Bg4 6.Nxd4 e5 7.Nb3 Nbd7 8.Nc3 d4
9.Ne4 Nxe4 10.Bxe4 Qc7 11.f4 O-O-O 12.fxe5 Qxe5 13.Bf3 Bh3 14.Bf4 Qf6 15.Qd3 Nc5
16.Nxc5 Bxc5 17.Qc4 Qb6 18.Rfd1 Be6 19.Qd3 Bd6 20.Bxd6 Rxd6 21.a4 Rhd8 22.a5 Qc5
23.Kg2 g5 24.b4 Qe5 25.Qe4 Qxe4 26.Bxe4 f5 27.Bd3 Bd5+ 28.Kg1 f4 29.Bf5+ Kc7
30.Rxd4 Bc6 31.Rxd6 Rxd6 32.Bd3 Rd4 33.c3 Rd6 34.gxf4 gxf4 35.Kf2 Rh6 36.Rg1 Rxh2+
37.Ke1 h5 38.Rg7+ Kd6 39.b5 Bd5 40.c4 Bg2 41.a6 bxa6 42.bxa6 h4 43.Rxa7 h3
44.Rh7 Rh1+ 45.Kd2 h2 46.a7 Kc5 47.Bf5 Kxc4 48.Bg4 Kc5 49.Bf3 Bxf3 50.exf3 Ra1
51.Rxh2 Rxa7 52.Kd3 Re7  1/2-1/2

[Event "World Blitz"]
[Site "Rishon Le Zion ISR"]
[Date "2006.09.07"]
[Round "13"]
[White "Smirin,I"]
[Black "Anand,V"]
[Result "0-1"]
[WhiteElo "2659"]
[BlackElo "2779"]

1.e4 c5 2.Nf3 d6 3.d4 cxd4 4.Nxd4 Nf6 5.Nc3 a6 6.Be2 e5 7.Nb3 Be7 8.O-O O-O
9.Be3 Be6 10.f4 b5 11.f5 Bd7 12.Kh1 Bc6 13.Bf3 Nbd7 14.a3 Rc8 15.Qe2 Ba8
16.Bg5 h6 17.Bh4 Nb6 18.Nd2 Nfd7 19.Bf2 Bg5 20.Rfd1 Nf6 21.Rab1 Qc7 22.Nf1 Nfd7
23.h4 Be7 24.Ne3 Nf6 25.g4 Nh7 26.Rg1 Qd8 27.Qe1 Nc4 28.Ned5 Re8 29.g5 hxg5
30.Bh5 Nf6 31.Nxf6+ Bxf6 32.hxg5 Bxg5 33.Qe2 Nd2 34.Bxf7+ Kxf7 35.Qh5+ Kg8
36.Rxg5 Re7 37.f6 Nxb1 38.fxe7 Qxe7 39.Nxb1 Bxe4+ 40.Kg1 Rxc2 41.Be3 Rxb2
42.Nd2 Bb7 43.Qg6 Bc6 44.Rh5 Bd7 45.Ne4 Qe6 46.Qh7+ Kf8 47.Qh8+ Qg8 48.Nxd6  0-1

[Event "World Blitz"]
[Site "Rishon Le Zion ISR"]
[Date "2006.09.07"]
[Round "15"]
[White "Smirin,I"]
[Black "Gurevich,D"]
[Result "1-0"]
[WhiteElo "2659"]
[BlackElo "2507"]

1.e4 c5 2.Nf3 d6 3.d4 cxd4 4.Nxd4 Nf6 5.Nc3 Nc6 6.Bg5 g6 7.Nb3 Bg7 8.Be2 a6
9.O-O b5 10.Re1 Bb7 11.Bf1 h6 12.Bh4 O-O 13.a4 b4 14.Nd5 Nh7 15.Rb1 g5 16.Bg3 e6
17.Ne3 Ne5 18.Nc4 Nxc4 19.Bxc4 d5 20.exd5 Bxd5 21.Bxd5 Qxd5 22.Qxd5 exd5
23.Rbd1 Rac8 24.Re2 Nf6 25.f3 Nh5 26.Bd6 Rfd8 27.Bxb4 Bxb2 28.g3 Ng7 29.c4 Rxc4
30.Na5 Rd4 31.Rxd4 Bxd4+ 32.Kg2 Bb6 33.Nc6 Rd7 34.a5 Bc7 35.Re7 Rxe7 36.Nxe7+ Kh7
37.Nxd5 Bd8 38.Kf2 Ne6 39.Ke3 Kg6 40.Ke4 f5+ 41.Ke5 Nc7 42.Nxc7 Bxc7+ 43.Kd5 g4
44.f4 h5 45.Kc6 Bd8 46.Kb7 Bf6 47.Kxa6 Bd4 48.Kb7 Bg1 49.a6 h4 50.a7  1-0

[Event "15th TCh-CRO"]
[Site "Sibenik CRO"]
[Date "2006.09.22"]
[Round "1"]
[White "Gyimesi,Z"]
[Black "Smirin,I"]
[Result "1/2-1/2"]
[WhiteElo "2616"]
[BlackElo "2659"]

1.d4 e6 2.c4 b6 3.a3 Bb7 4.Nc3 g6 5.e4 Bg7 6.Nf3 Ne7 7.Be3 O-O 8.Bd3 f5 9.h4 h6
10.Qd2 fxe4 11.Bxe4 Bxe4 12.Nxe4 Nf5 13.Ng3 Nxe3 14.fxe3 Nc6 15.Qd3 Ne7 16.Ne5 Qe8
17.h5 g5 18.O-O-O d6 19.Ng6 Nxg6 20.hxg6 Qc6 21.Qc2 b5 22.cxb5 Qxb5 23.Rdf1 c5
24.Rf7 Rxf7 25.gxf7+ Kxf7 26.Nf5 Rd8 27.Nxh6+ Bxh6 28.Rxh6 Qf1+ 29.Qd1 Qxd1+
30.Kxd1 cxd4 31.exd4 a5  1/2-1/2

[Event "15th TCh-CRO"]
[Site "Sibenik CRO"]
[Date "2006.09.23"]
[Round "2"]
[White "Smirin,I"]
[Black "Markus,R"]
[Result "1/2-1/2"]
[WhiteElo "2659"]
[BlackElo "2586"]

1.e4 c5 2.Nf3 e6 3.d4 cxd4 4.Nxd4 a6 5.Nc3 b5 6.Bd3 Bb7 7.O-O Nc6 8.Nxc6 Bxc6
9.Re1 Bc5 10.a4 b4 11.Nd5 Ne7 12.Be3 Bxe3 13.Nxe3 Ng6 14.a5 Qg5 15.Qg4  1/2-1/2

[Event "15th TCh-CRO"]
[Site "Sibenik CRO"]
[Date "2006.09.26"]
[Round "5"]
[White "Sax,G"]
[Black "Smirin,I"]
[Result "0-1"]
[WhiteElo "2545"]
[BlackElo "2659"]

1.e4 e5 2.Nf3 Nc6 3.Bb5 a6 4.Ba4 Nf6 5.O-O Be7 6.Re1 b5 7.Bb3 d6 8.c3 O-O
9.h3 Na5 10.Bc2 c5 11.d4 Qc7 12.Nbd2 cxd4 13.cxd4 Rd8 14.b3 Bb7 15.Bb2 Nc6
16.Rc1 Qb6 17.Nf1 d5 18.Nxe5 dxe4 19.Nxc6 Bxc6 20.Nd2 Bb4 21.a3 Bxd2 22.Qxd2 Bd5
23.Re3 Rac8 24.Bc3 Qb8 25.Bb4 Re8 26.Bd1 Rcd8 27.Rg3 h6 28.Ba5 Rd7 29.Rgc3 Bb7
30.Rc7 Ree7 31.Rxd7 Rxd7 32.Bg4 Nxg4 33.hxg4 Qd6 34.b4 Qf6 35.Rd1 Qe6 36.g5 Qg4
37.Rc1 hxg5 38.Qe3 f5 39.Bc7 f4 40.Qb3+ Kh7 41.Be5 Rxd4 42.Rc7 Bd5  0-1

[Event "15th TCh-CRO"]
[Site "Sibenik CRO"]
[Date "2006.09.29"]
[Round "8"]
[White "Smirin,I"]
[Black "Almasi,Z"]
[Result "1/2-1/2"]
[WhiteElo "2659"]
[BlackElo "2672"]

1.e4 e5 2.Nf3 Nc6 3.Bb5 Nf6 4.d3 Bc5 5.Bxc6 dxc6 6.O-O Qd6 7.h3 Be6 8.Nc3 a6
9.Be3 Nd7 10.Bxc5 Nxc5 11.d4 exd4 12.Qxd4 Qxd4 13.Nxd4 O-O-O 14.Rad1 Rd6
15.Rd2 b5 16.Nxe6  1/2-1/2

[Event "15th TCh-CRO"]
[Site "Sibenik CRO"]
[Date "2006.09.30"]
[Round "9"]
[White "Ruck,R"]
[Black "Smirin,I"]
[Result "1/2-1/2"]
[WhiteElo "2523"]
[BlackElo "2659"]

1.Nf3 Nf6 2.c4 g6 3.d4 Bg7 4.g3 O-O 5.Bg2 d6 6.Nc3 Nc6 7.O-O Bf5 8.b3 e5
9.dxe5 dxe5 10.Ba3 Re8 11.Qxd8 Raxd8 12.Rad1 e4 13.Rxd8 Rxd8 14.Ng5 Rd2 15.Rd1 Rxd1+
16.Nxd1 h6 17.Nh3 g5 18.Ne3 Be6 19.f4 exf3 20.exf3 Nd7 21.f4 Bd4 22.Kf2 g4
23.Ng1 Nc5 24.Ke2 a5 25.Bxc6 bxc6 26.Bxc5 Bxc5 27.Kd3 h5 28.Ne2 Kg7 29.Nd4 Bd7
30.Nec2 Kf6 31.Ke4 Bd6  1/2-1/2

[Event "15th TCh-CRO"]
[Site "Sibenik CRO"]
[Date "2006.10.01"]
[Round "10"]
[White "Delchev,A"]
[Black "Smirin,I"]
[Result "1/2-1/2"]
[WhiteElo "2637"]
[BlackElo "2659"]

1.e4 e5 2.Nf3 Nc6 3.Bb5 a6 4.Ba4 Nf6 5.O-O Be7 6.Re1 b5 7.Bb3 d6 8.c3 O-O
9.d4 Bg4 10.d5 Na5 11.Bc2 c6 12.h3 Bc8 13.dxc6 Qc7 14.Nbd2 Qxc6 15.Nf1 Nc4
16.a4 Be6 17.Ng5 Bd7 18.b3 Na5 19.axb5 axb5 20.Bd2 h6 21.Nf3 Nb7 22.b4 Rxa1
23.Qxa1 Nd8 24.Ng3 Re8 25.Bd3 Ne6 26.Rc1 Qb7 27.Qb1 Bc6 28.Re1 Bf8 29.c4 Nf4
30.cxb5 Bxb5 31.Bxb5 Qxb5 32.Bxf4 exf4 33.Ne2 Rxe4 34.Ned4 Qb7 35.b5 d5 36.Rc1 Nd7
37.Nc6 Bc5 38.Qd3 Qb6 39.Qxd5 Bxf2+ 40.Kh1 Nf6 41.Qa2 Qe3 42.Rb1 Qc5 43.Nce5 Rb4
44.Qxf7+ Kh7 45.Qg6+ Kg8 46.Rd1 Qc7 47.Nc6 Rc4 48.Nfe5 Rc3 49.g3 f3 50.h4 Bb6
51.Rd8+ Qxd8 52.Nxd8 f2 53.Kg2 Rc1 54.Qf7+ Kh7 55.Qg6+ Kg8  1/2-1/2

[Event "22nd ECU Club Cup"]
[Site "Feugen AUT"]
[Date "2006.10.10"]
[Round "3"]
[White "Roiz,M"]
[Black "Smirin,I"]
[Result "1/2-1/2"]
[WhiteElo "2611"]
[BlackElo "2659"]

1.e4 c5 2.Nf3 e6 3.Qe2 Nc6 4.g3 g6 5.Bg2 Bg7 6.O-O Nge7 7.c3 e5 8.d3 O-O
9.a3 d6 10.b4 Be6 11.Nbd2 a6 12.Rb1 cxb4 13.axb4 b5 14.Bb2  1/2-1/2

[Event "22nd ECU Club Cup"]
[Site "Feugen AUT"]
[Date "2006.10.11"]
[Round "4"]
[White "Smirin,I"]
[Black "Volokitin,And"]
[Result "1-0"]
[WhiteElo "2659"]
[BlackElo "2645"]

1.e4 e5 2.Nf3 Nf6 3.Nxe5 d6 4.Nf3 Nxe4 5.d4 d5 6.Bd3 Nc6 7.O-O Be7 8.c4 Nb4
9.Be2 O-O 10.Nc3 Bf5 11.a3 Nxc3 12.bxc3 Nc6 13.Re1 Re8 14.cxd5 Qxd5 15.Bf4 Rac8
16.h3 Be4 17.a4 Na5 18.Ne5 c5 19.Bg4 Rcd8 20.Qe2 f5 21.Bh5 g6 22.f3 gxh5
23.fxe4 Qxe4 24.Qf2 Qd5 25.Qg3+ Kh8 26.Ng6+ hxg6 27.Qxg6 Nc6 28.Re6 Qxe6
29.Qxe6 Bf8 30.Qxf5 cxd4 31.Qxh5+ Kg8 32.Bg5  1-0

[Event "22nd ECU Club Cup"]
[Site "Feugen AUT"]
[Date "2006.10.13"]
[Round "6"]
[White "Smirin,I"]
[Black "Vaganian,R"]
[Result "1-0"]
[WhiteElo "2659"]
[BlackElo "2587"]

1.e4 e6 2.d4 d5 3.Nd2 c5 4.Ngf3 Nc6 5.Bb5 a6 6.Bxc6+ bxc6 7.O-O cxd4 8.Nxd4 c5
9.Nc6 Qc7 10.exd5 exd5 11.Re1+ Be6 12.Ne5 Bd6 13.c4 Ne7 14.cxd5 Bxd5 15.Qa4+ Kf8
16.Ndc4 Bxe5 17.Nxe5 f6 18.Nd7+ Kf7 19.Bf4 Qc6 20.Qxc6 Bxc6 21.Nxc5 Nf5 22.Rac1 g5
23.Bd2 Rhc8 24.f3 a5 25.Bc3 Bd5 26.Ne4 Ra6 27.Nxf6 Bxa2 28.Ra1 Bb3 29.Nxh7 Kg6
30.Re5 a4 31.g4 Nd6 32.Nxg5 a3 33.Ne4 Nf7 34.Rc5  1-0

[Event "22nd ECU Club Cup"]
[Site "Feugen AUT"]
[Date "2006.10.14"]
[Round "7"]
[White "Smirin,I"]
[Black "Ernst,T"]
[Result "1/2-1/2"]
[WhiteElo "2659"]
[BlackElo "2441"]

1.e4 e5 2.Nf3 Nc6 3.Bb5 a6 4.Ba4 Nf6 5.d3 d6 6.c3 Bd7 7.Nbd2 g6 8.Nf1 Bg7
9.Ng3 O-O 10.O-O Qe8 11.Bc2 Kh8 12.h3 d5 13.exd5 Nxd5 14.Bb3 Nb6 15.Be3 f5
16.Bc5 Rf6 17.Re1 Be6 18.Bxb6 cxb6 19.Nxe5 Bxb3 20.Qxb3 Nxe5 21.d4 Re6 22.dxe5 Rxe5
23.Rxe5 Qxe5 24.Qxb6 Qb5 25.Qxb5 axb5 26.Ne2 b4 27.Rd1 bxc3 28.Nxc3 Bxc3
29.bxc3 Rxa2 30.Rd8+ Kg7 31.Rd7+ Kf6 32.Rxb7 Rc2 33.Rc7 Rc1+ 34.Kh2 f4 35.g4 fxg3+
36.Kxg3 h5 37.Rc4 Kg5 38.h4+ Kh6 39.Kf4 Rh1 40.Ke5 Rh3 41.f4 Rxh4 42.Rc8 Kg7
43.c4 Rh1 44.Rc7+ Kh6 45.Rc8  1/2-1/2

[Event "1st ACP World Rapid Cup"]
[Site "Odessa UKR"]
[Date "2007.01.05"]
[Round "1.1"]
[White "Smirin,I"]
[Black "Shirov,A"]
[Result "0-1"]
[WhiteElo "2654"]
[BlackElo "2715"]

1.e4 c5 2.Nf3 Nc6 3.Bb5 e6 4.c3 Nge7 5.d4 cxd4 6.cxd4 d5 7.Nc3 dxe4 8.Nxe4 a6
9.Bf4 Ng6 10.Bxc6+ bxc6 11.Bd2 f5 12.Nc3 c5 13.O-O cxd4 14.Bg5 Be7 15.Bxe7 Qxe7
16.Qxd4 O-O 17.Ne5 Qf6 18.Rfe1 Bb7 19.f3 Rad8 20.Qe3 Nxe5 21.Qxe5 Qxe5 22.Rxe5 Rd2
23.Rxe6 Rxb2 24.Rd1 Rc2 25.Re7 Bc6 26.Nd5 Rd8 27.Rc7 Kf8 28.Rb1 Ba4 29.Rxc2 Bxc2
30.Rc1 Rxd5 31.Rxc2 Ra5 32.Kf2 Ra3 33.Kg3 Ra4 34.Kf2 Ke7 35.Ke3 Kd6 36.Rd2+ Ke5
37.Kf2 g6 38.g3 g5 39.Ke2 Ra3 40.Kf2 h5 41.f4+ gxf4 42.Re2+ Kf6 43.gxf4 h4
44.Kg2 a5 45.Kf2 Kg6 46.Kg2 a4 47.Rc2 h3+ 48.Kf2 Kh5 49.Ke2 Kg4 50.Kf2 Kxf4
51.Rc4+ Kg5 52.Rc2 Kg4 53.Rc4+ f4 54.Rc2 Rf3+ 55.Ke2 Re3+ 56.Kf2 Ra3 57.Ke2 Re3+
58.Kf2 Ra3 59.Ke2 Kf5 60.Kf2 Ke4 61.Rc4+ Ke5 62.Rc2 Kd4 63.Rd2+ Rd3 64.Re2 a3
65.Re8 Rd2+ 66.Kf3 Rxh2 67.Rd8+ Kc3 68.Kxf4  0-1

[Event "Aeroflot Open"]
[Site "Moscow RUS"]
[Date "2007.02.16"]
[Round "3"]
[White "Smirin,I"]
[Black "Drozdovskij,Y"]
[Result "1/2-1/2"]
[WhiteElo "2654"]
[BlackElo "2562"]

1.e4 e6 2.d4 d5 3.Nd2 dxe4 4.Nxe4 Nd7 5.Bd3 Ngf6 6.Nxf6+ Nxf6 7.Nf3 c5 8.dxc5 Bxc5
9.Bg5 h6 10.Bh4 O-O 11.Qd2 b6 12.O-O-O Bb7 13.Rhe1 Be7 14.Qe2 Qc7 15.Bg3 Qc5
16.Ne5 Rad8 17.Kb1 Bd6 18.f4 Nd5 19.a3 Qc7 20.c4 Ne7 21.Bh4 Bxe5 22.fxe5 Rd7
23.g4 Ng6 24.Bg3 Rfd8 25.Bxg6  1/2-1/2

[Event "Aeroflot Open"]
[Site "Moscow RUS"]
[Date "2007.02.18"]
[Round "5"]
[White "Smirin,I"]
[Black "Grigoriants,S RUS"]
[Result "1/2-1/2"]
[WhiteElo "2654"]
[BlackElo "2592"]

1.e4 c5 2.Nf3 d6 3.d4 cxd4 4.Nxd4 Nf6 5.Nc3 e6 6.f4 a6 7.Be2 Be7 8.O-O Qc7
9.Qe1 Nc6 10.Be3 O-O 11.Qg3 Bd7 12.Rae1 Nxd4 13.Bxd4 Bc6 14.Bd3 b5 15.Kh1 b4
16.Nd1 g6 17.Nf2 Nh5 18.Qe3 e5 19.fxe5 dxe5 20.Bb6 Qc8 21.Bc5 Qc7 22.Ng4 Bb5
23.Bxe7 Qxe7 24.Bxb5 axb5 25.Qb3 Kg7 26.Rd1 Rfd8 27.Rd5 Rxd5 28.Qxd5 Rc8
29.Qxe5+  1/2-1/2

[Event "Aeroflot Open"]
[Site "Moscow RUS"]
[Date "2007.02.21"]
[Round "8"]
[White "Jussupow,Ar"]
[Black "Smirin,I"]
[Result "1/2-1/2"]
[WhiteElo "2599"]
[BlackElo "2654"]

1.d4 Nf6 2.Nf3 g6 3.c4 Bg7 4.g3 O-O 5.Bg2 d6 6.O-O Nc6 7.Nc3 Bf5 8.b3 e5
9.dxe5 dxe5 10.Nh4 Bd7 11.Ba3 Re8 12.Qc2 Nd4 13.Qd2 c6 14.e3 Ne6 15.Rad1 Qa5
16.Bd6 Ng5 17.Nf3 Nxf3+ 18.Bxf3 Bh3 19.Rfe1 Rad8 20.Ne4 Qxd2 21.Rxd2 Nxe4
22.Bxe4 f5 23.Bg2 Bxg2 24.Kxg2 e4 25.Bb4 Rxd2 26.Bxd2 Rd8 27.Re2 g5 28.Bb4 Kf7
29.Rd2 Rxd2  1/2-1/2

[Event "16th Chicago Open"]
[Site "Oak Brook USA"]
[Date "2007.05.26"]
[Round "2"]
[White "Pruess,D"]
[Black "Smirin,I"]
[Result "0-1"]
[WhiteElo "2408"]
[BlackElo "2650"]

1.e4 c5 2.Nf3 e6 3.d4 cxd4 4.Nxd4 a6 5.Nc3 b5 6.Bd3 d6 7.O-O Nf6 8.f4 Nbd7
9.Nf3 Bb7 10.Qe1 Nc5 11.e5 Nfd7 12.exd6 Bxd6 13.f5 O-O 14.fxe6 fxe6 15.Be4 Nxe4
16.Nxe4 Nc5 17.Bg5 Be7 18.Qh4 Bxg5 19.Nexg5 h6 20.b4 Qd5 21.Rad1 hxg5 22.Qh5 Qc6
23.bxc5 Qxc5+ 24.Kh1 Rf5 25.Qg6 Bd5 26.Nd4 Rxf1+ 27.Rxf1 Rf8 28.Rxf8+ Qxf8
29.Kg1 Qf6 30.Qe8+ Kh7 31.Qh5+ Qh6 32.Qg4 Qh4 33.Qxh4+ gxh4 34.a3 Kg6 35.Kf2 e5
36.Ne2 Be4 37.c3 Kf5 38.g3 g5 39.gxh4 gxh4 40.Nc1 Bc2 41.Kf3 a5 42.h3 Kg5
43.Ke3 Bf5 44.Nb3 Bxh3 45.Nxa5 Bg2 46.c4 h3 47.Kf2 e4  0-1

[Event "16th Chicago Open"]
[Site "Oak Brook USA"]
[Date "2007.05.26"]
[Round "3"]
[White "Smirin,I"]
[Black "Anka,E"]
[Result "1/2-1/2"]
[WhiteElo "2650"]
[BlackElo "2440"]

1.e4 c5 2.Nf3 d6 3.d4 cxd4 4.Nxd4 Nf6 5.Nc3 a6 6.Be2 e5 7.Nb3 Be7 8.O-O O-O
9.Kh1 b6 10.Be3 Bb7 11.f3 Nbd7 12.a4 Qc7 13.Qd2 Rfd8 14.Rfd1 Nc5 15.Nxc5 dxc5
16.Qe1 Rxd1 17.Qxd1 Bc8 18.Qf1 Qb7 19.Bc4 Be6 20.g4 h6 21.g5 Bxc4 22.Qxc4 hxg5
23.Bxg5 Rd8 24.Rg1 Rd4 25.Qe2 Nh5 26.Be3 Nf4 27.Qf1 Rd6 28.Bxf4 exf4 29.Nd5 Bf6
30.c3 Be5 31.Qc4 Rc6 32.Rg5 b5 33.Qe2 Re6 34.Qf2 Qc6 35.axb5 axb5 36.Rg1 b4
37.Qh4 bxc3 38.bxc3 Qd6 39.Ra1 Re8 40.Ra7 g6 41.Qh3  1/2-1/2

[Event "16th Chicago Open"]
[Site "Oak Brook USA"]
[Date "2007.05.27"]
[Round "4"]
[White "Gurevich,D"]
[Black "Smirin,I"]
[Result "1-0"]
[WhiteElo "2518"]
[BlackElo "2650"]

1.d4 Nf6 2.c4 g6 3.Nc3 Bg7 4.e4 d6 5.Nf3 O-O 6.Be2 e5 7.O-O Nbd7 8.Be3 c6
9.d5 c5 10.Qc2 Kh8 11.Bg5 a6 12.g3 Qe8 13.Nh4 Ng8 14.Qd2 f5 15.exf5 gxf5
16.f3 Ndf6 17.Bd3 Ne7 18.a3 Qh5 19.Ng2 Ng6 20.Na4 e4 21.Be2 exf3 22.Bxf3 Ng4
23.h4 b5 24.cxb5 Rb8 25.Nc3 axb5 26.Nf4 Nxf4 27.Bxf4 Qg6 28.b4 cxb4 29.axb4 Ne5
30.Be2 Bd7 31.Ra5 Rfc8 32.Nxb5 Nc4 33.Bxc4 Rxc4 34.Nxd6 Rd4 35.h5 Qg4 36.Nf7+ Kg8
37.Nh6+ Bxh6 38.Qxd4 Re8 39.Ra7 Re2 40.Ra8+ Kf7  1-0

[Event "Pivdenny Bank Cup"]
[Site "Odessa UKR"]
[Date "2007.07.04"]
[Round "3"]
[White "Tukmakov,V"]
[Black "Smirin,I"]
[Result "1-0"]
[WhiteElo "2551"]
[BlackElo "2650"]

1.d4 Nf6 2.c4 g6 3.Nf3 Bg7 4.g3 O-O 5.Bg2 d6 6.Nc3 Nc6 7.O-O Bf5 8.Ne1 Na5
9.e4 Bg4 10.f3 Bd7 11.Qe2 c5 12.dxc5 dxc5 13.e5 Ne8 14.f4 Bc6 15.Be3 Bxg2
16.Nxg2 b6 17.Rad1 Qc8 18.b3 Nc7 19.Qf3 Ne6 20.f5 Nd4 21.Bxd4 cxd4 22.Nd5 Nc6
23.f6 exf6 24.exf6 Bh6 25.Ne7+ Nxe7 26.fxe7 Re8 27.Qxf7+ Kh8 28.Nf4 Qc5 29.Nd5 d3+
30.Kg2 d2 31.Qf6+ Bg7 32.Qf4 Qc6 33.Rf3 b5 34.Rxd2 bxc4 35.Qxc4 Qd6 36.Qf4 Be5
37.Qf7 Rac8 38.Re2 Bg7 39.Nf6 Qa6 40.Nxe8 Ra8 41.Nxg7 Qxe2+  1-0

[Event "Pivdenny Bank Cup"]
[Site "Odessa UKR"]
[Date "2007.07.05"]
[Round "4"]
[White "Smirin,I"]
[Black "Drozdovskij,Y"]
[Result "1/2-1/2"]
[WhiteElo "2650"]
[BlackElo "2558"]

1.e4 e6 2.d4 d5 3.Nd2 c5 4.Ngf3 Nf6 5.e5 Ne4 6.c3 Qb6 7.Nxe4 dxe4 8.Nd2 cxd4
9.Nc4 Qd8 10.Qxd4 Qxd4 11.cxd4 Nc6 12.Be3 Bb4+ 13.Kd1 O-O 14.a3 Be7 15.Kc2 Rd8
16.Rd1 b6 17.b4 Ba6 18.Kb3 f5 19.exf6 Bxf6 20.Ne5 Bxe5 21.Bxa6 Nxd4+ 22.Bxd4 Bxd4
23.Rhe1 Bxf2 24.Rxd8+ Rxd8 25.Rxe4 Bg1 26.Rxe6 Bxh2 27.Re7 Bb8 28.Bc4+ Kh8
29.a4 a5 30.bxa5 bxa5 31.Bb5 Bd6 32.Re8+ Rxe8 33.Bxe8 g6 34.Kc4 Kg7 35.Kd5 Bb4
36.Ke4 Kf6 37.g4  1/2-1/2

[Event "Pivdenny Bank Cup"]
[Site "Odessa UKR"]
[Date "2007.07.05"]
[Round "5"]
[White "Grischuk,A"]
[Black "Smirin,I"]
[Result "0-1"]
[WhiteElo "2717"]
[BlackElo "2650"]

1.e4 e5 2.Nf3 Nc6 3.Bb5 a6 4.Ba4 Nf6 5.O-O Be7 6.Re1 b5 7.Bb3 d6 8.c3 O-O
9.h3 Na5 10.Bc2 c5 11.d4 Qc7 12.Nbd2 cxd4 13.cxd4 Rd8 14.b3 Bb7 15.Bb2 Nc6
16.Rc1 Qb6 17.Nf1 d5 18.exd5 Nxd5 19.Nxe5 Nxe5 20.dxe5 Bg5 21.Qh5 Bh6 22.Ne3 Nxe3
23.Rxe3 Rd2 24.Qh4 Rxf2 25.Bd4 Rxg2+ 26.Kf1 Qa5 27.Be4 Qd2 28.Bxb7 Bxe3  0-1

[Event "Pivdenny Bank Cup"]
[Site "Odessa UKR"]
[Date "2007.07.06"]
[Round "7"]
[White "Ivanchuk,V"]
[Black "Smirin,I"]
[Result "1-0"]
[WhiteElo "2729"]
[BlackElo "2650"]

1.d4 Nf6 2.c4 g6 3.g3 Bg7 4.Bg2 O-O 5.Nc3 d6 6.Nf3 Nc6 7.O-O Bf5 8.d5 Na5
9.Nd2 c6 10.b4 Nxd5 11.cxd5 Bxc3 12.e4 Bxa1 13.exf5 Bg7 14.Re1 cxd5 15.bxa5 gxf5
16.Bxd5 Qxa5 17.Nc4 Qc7 18.Bf4 Rad8 19.Qb3 b6 20.Bf3 Rc8 21.Bd5 Rcd8 22.h4 e6
23.Bxe6 fxe6 24.Nxd6 Kh8 25.Rxe6 Qc3 26.Qd5 Rd7 27.Qb5 Rdd8 28.Re7 Qc5 29.Qxc5 bxc5
30.Nf7+ Rxf7 31.Rxf7 c4 32.Rxf5 c3 33.Rc5 Bd4 34.Rc4 Bf6 35.Kg2 Rd3 36.a4 Kg8
37.a5 Kf7 38.Rc7+ Ke6 39.Rxa7 Bd4 40.Ra6+ Kd5 41.Rd6+ Kc5 42.a6 c2 43.a7 Ra3
44.Rd7 Kc4 45.Rxh7 Bxa7 46.Rc7+ Bc5 47.h5 Rc3 48.h6 Kd3 49.h7 Bd4 50.Rd7  1-0

[Event "Pivdenny Bank Cup"]
[Site "Odessa UKR"]
[Date "2007.07.06"]
[Round "8"]
[White "Smirin,I"]
[Black "Bacrot,E"]
[Result "1/2-1/2"]
[WhiteElo "2650"]
[BlackElo "2709"]

1.e4 e5 2.Nf3 Nc6 3.Bb5 a6 4.Ba4 Nf6 5.O-O Be7 6.Re1 b5 7.Bb3 O-O 8.d3 d6
9.c3 Na5 10.Bc2 c5 11.Nbd2 Nc6 12.a4 Be6 13.Nf1 h6 14.Ne3 Qb6 15.Bb3 Na5
16.Nd5 Qb7 17.Nxe7+ Qxe7 18.Bc2 b4 19.cxb4 cxb4 20.d4 Rfc8 21.h3 Qc7 22.Re2 Bc4
23.Re1 Be6 24.Re2 Bc4 25.Re1  1/2-1/2

[Event "Acropolis Open"]
[Site "Athens GRE"]
[Date "2007.08.14"]
[Round "1"]
[White "Smirin,I"]
[Black "Kotrotsos,V"]
[Result "1-0"]
[WhiteElo "2649"]
[BlackElo "2337"]

1.e4 c5 2.Nf3 d6 3.d4 cxd4 4.Nxd4 Nf6 5.Nc3 a6 6.g3 e5 7.Nb3 b5 8.a4 b4 9.Nd5 Bb7
10.Nxf6+ Qxf6 11.Bg2 Qd8 12.a5 Nd7 13.Bd2 Nc5 14.Bxb4 Nxe4 15.O-O Be7 16.Qg4 h5
17.Qe2 d5 18.Bxe7 Qxe7 19.c4 Nf6 20.cxd5 e4 21.Rfc1 Bxd5 22.Nc5 O-O 23.Nxa6 Rfc8
24.b4 Ng4 25.h3 Nf6 26.Rxc8+ Rxc8 27.Nc5 Rb8 28.Qd2 h4 29.g4 e3 30.Qxe3 Qxe3
31.fxe3 Rxb4 32.a6 Bxg2 33.Kxg2 Rb8 34.a7 Ra8 35.e4 g5 36.Ra5 Kg7 37.Kf3  1-0

[Event "Acropolis Open"]
[Site "Athens GRE"]
[Date "2007.08.15"]
[Round "2"]
[White "Danielian,E"]
[Black "Smirin,I"]
[Result "0-1"]
[WhiteElo "2439"]
[BlackElo "2649"]

1.d4 c5 2.dxc5 e6 3.Nf3 Bxc5 4.e3 Nf6 5.c4 O-O 6.a3 d5 7.Nc3 Nc6 8.b4 Bd6
9.Bb2 a5 10.b5 Ne5 11.Nxe5 Bxe5 12.Be2 dxc4 13.Qxd8 Rxd8 14.f4 Bxc3+ 15.Bxc3 Nd5
16.Bd4 Nxf4 17.Bxc4 Nxg2+ 18.Ke2 e5 19.Bb6 Rd6 20.Bc5 Bg4+ 21.Kf2 Rd2+ 22.Kg3 Rc8
23.Rhc1 Rxc5 24.Bxf7+ Kxf7 25.Rxc5 Nxe3 26.Rxe5 Rg2+ 27.Kf4 Nc4 28.Rc5 Be6
29.Re1 Rxh2 30.Rc7+ Kf6 31.Rxb7 Rh4+ 32.Kg3 Rh3+ 33.Kf2 Rxa3 34.Rc7 Ne5 35.Rb1 Bf5
36.Rd1 Ng4+ 37.Ke2 Re3+ 38.Kd2 Rb3 39.Rc6+ Kg5 40.b6 a4 41.Ra1 Ne5 42.Rg1+ Kf4
43.Rf1+ Nf3+  0-1